000 00459nam a22001817a 4500
003 NUST - PNEC
005 20170116181058.0
008 151002b xxu||||| |||| 00| 0 eng d
020 _a-
040 _cLIBRARY
082 _a621.3 RAP
100 _912192
_aRapson, E. T. A.
245 _aExperimental electrical engineering.
_cE. T. A. Rapson
250 _a4th ed.
260 _cc.1959
651 _912197
_aElectrical engineering
_xEE
942 _2ddc
_cBK
999 _c68647
_d68647